[Event "Millennium CG Exclusive - Tasc R30 V2.5"]
[Site "Wien"]
[Date "2021.08.21"]
[Round "88"]
[White "Tasc R30 V2.5, aktiv"]
[Black "Millennium CG Exclusive"]
[Result "1/2-1/2"]
[WhiteElo "2335"]
[BlackElo "2402"]
[PlyCount "102"]
[EventDate "2021.??.??"]

1. c4 Nf6 2. Nf3 e6 3. g3 {Buchende} c5 {Buchende} 4. d3 {Buchbewertung Tasc
-0,08} Be7 {Buchbewertung Genius +0,01 / lt. Stockfish ist die Stellung
ausgeglichen.} 5. Bg2 Nc6 6. Nc3 O-O 7. Bf4 d6 8. O-O e5 9. Bg5 Be6 {Buchzug /
Buchende} 10. Qb3 Qd7 11. e3 b6 12. Nd2 Rac8 13. a3 Ng4 14. Bxe7 Nxe7 15. Qb5
Rcd8 16. Qxd7 Rxd7 17. h3 Nf6 18. g4 Ne8 19. f4 f5 20. e4 fxg4 21. f5 Bf7 22.
hxg4 Nc6 23. Rae1 Nf6 24. g5 {die Stellung ist im Lot, Stockfish 0,00} Nh5 {
Genius +0,93 sieht sich im Vorteil.} 25. Ne2 {Tasc -0,18, knapp negativ.} Nd4
26. Nxd4 cxd4 27. Rf2 Rc7 28. Nf3 a5 29. Bf1 Rb8 30. b4 axb4 31. axb4 Ra8 32.
Rd1 Ra3 33. Rdd2 Ng3 34. Ra2 Rca7 35. Rxa3 Rxa3 {die Stellung ist immer noch
im Lot, Stockfish +0,14 für Weiss mit der Fortsetzung c5.} 36. c5 dxc5 37.
bxc5 bxc5 38. Nxe5 {Tasc +0,74} Ra1 {Genius -0,53 / Stockfish +0,10 für Weiss.
} 39. Kg2 Nxf1 40. Rxf1 {Tasc +1,07} Rxf1 {Genius -1,00 / Stockfish +0,10 für
Weiss.} 41. Kxf1 Be8 42. Kf2 Kf8 43. f6 Kg8 44. Kf3 h6 45. Kf4 hxg5+ 46. Kxg5
Bf7 47. fxg7 Kxg7 48. Kf4 Be6 49. Nf3 Kf6 50. Nd2 Ba2 51. Kg4 Be6+ {
Userentscheid: Remis} 1/2-1/2

[Event "Millennium CG Exclusive - Tasc R30 V2.5"]
[Site "Wien"]
[Date "2021.08.22"]
[Round "89"]
[White "Millennium CG Exclusive"]
[Black "Tasc R30 V2.5, aktiv"]
[Result "1-0"]
[WhiteElo "2402"]
[BlackElo "2335"]
[PlyCount "115"]
[EventDate "2021.??.??"]

1. c4 e5 2. g3 Nf6 3. Nc3 c6 4. d4 exd4 5. Qxd4 d5 {Buchende} 6. Bg5 {Buchende}
Nbd7 {Buchbewertung Tasc +0,10} 7. cxd5 {Buchbewertung Genius +0,53 / lt.
Stockfish steht Weiss etwas besser mit ca. +0,60} Bc5 {deutlich besser ist
cxd5, Stockfish +1,20 für Weiss mit der Fortsetzung Lxf6} 8. Bxf6 Qxf6 {
besser ist Lxd4} 9. Qxf6 Nxf6 10. dxc6 bxc6 11. Bg2 O-O 12. e3 {deutlich beser
ist Sf3} Rd8 {deutlich besser ist Tb8 und die Stellung wäre im Lot, den
Textzug bewertet Stockfish mit +1,50 für Weiss mit der Fortsetzung Sf3} 13. a3
{ein guter Zug, nicht ganz so stark wie Sf3 aber durchaus spielbar, Stockfish
+1,20 für Weiss.} Bf5 14. Nge2 {besser ist Sf3} a5 15. Rc1 Rac8 {deutlich
besser ist Tab8} 16. Na4 Ba7 17. Rxc6 {deutlich schwächer als Sc5, Stockfish
+0,80 für Weiss.} Rxc6 18. Bxc6 Rc8 $2 {viel besser ist Sg4, Stockfish +2,30
für Weiss mit der Fortsetzung Lb5} 19. Bb5 Rc2 20. O-O Rd2 21. Nec3 Kf8 {
Weiss hat nun 2 "gesunde" Mehrbauern, das sollte hier schon reichen für den
Gewinn, Stockfish +3,30 für Weiss.} 22. Rd1 Rxd1+ 23. Nxd1 Ke7 {Tasc -1,48}
24. Ndc3 {Genius ist noch recht vorsichtig, +1,37 / Stockfish +3,50} Be6 25. b4
axb4 26. axb4 Nd7 27. Bxd7 Kxd7 28. Nb5 Bb3 29. Nc5+ Bxc5 30. bxc5 Bd5 31. Nd4
g6 32. f3 f5 33. Kf2 {da ist nichts mehr zu retten für Schwarz, Stockfish +7,
00.} Kc7 34. Ke2 Bb7 35. Kd3 Ba6+ 36. Kc3 Kd7 37. e4 fxe4 38. fxe4 Bb7 39. e5
Bd5 40. Kb4 Bb7 41. Kb5 Bc8 42. Kb6 Kd8 43. Nc6+ Ke8 44. Kc7 Bg4 45. Kd6 g5 46.
e6 Be2 47. e7 {[%emt 0:00:11] Stockfish Matt in} Bb5 48. Na7 Bd7 49. c6 Bf5 50.
Nb5 {Genius Matt in 10 (es geht schon in 7).} Kf7 51. Nc7 Kf6 {[%emt 0:00:08]
Tasc Selbstmatt in} 52. e8=Q Kg7 53. Ne6+ Bxe6 54. Kxe6 g4 55. Qf7+ Kh6 56. c7
Kg5 57. c8=Q h6 58. Qf5# 1-0

[Event "Millennium CG Exclusive - Tasc R30 V2.5"]
[Site "Wien"]
[Date "2021.08.22"]
[Round "90"]
[White "Tasc R30 V2.5, aktiv"]
[Black "Millennium CG Exclusive"]
[Result "1/2-1/2"]
[WhiteElo "2335"]
[BlackElo "2402"]
[PlyCount "139"]
[EventDate "2021.??.??"]

1. c4 e5 2. Nf3 {Buchende} d6 3. d4 {Buchbewertung Tasc -0,02} e4 4. Nfd2 f5 5.
Nc3 Nf6 {Buchende} 6. f3 $2 {ein ganz schlechter Zug nach 6. e3 wäre Schwarz
bereits mit +2,00 im Vorteil lt. Stockfish} exf3 $2 {Buchbewertung Genius -0,
25, vergibt diese frühe Chance, Stockfish +0,50 für Weiss (dieser Zug ist
also um 2,50 Bauerneinheiten schlechter als e3 !!!)} 7. exf3 Nc6 8. d5 Ne5 9.
f4 Neg4 10. Nb3 Ne4 11. Nxe4 fxe4 12. Be2 c6 $2 {ein ganz schlechter Zug, der
praktisch die Partie schon verliert, Stockfish +3,00 für Weiss mit der
Fortsetzung 0-0, nötig war h5 mit leichtem Vorteil für Weiss.} 13. Bd2 {
deutlich schwächer als 0-0, Stockfish +1,00 für Weiss mit der Fortsetzung h5.
} cxd5 14. cxd5 Nf6 15. Rc1 Bd7 {besser ist Le7} 16. Ba5 {die beste
Fortsetzung ! Tasc +0,59 / Stockfish +2,30} b6 {Genius -0,18 sieht nur
geringen Nachteil.} 17. Bc3 Be7 18. O-O O-O 19. g4 Qe8 {Weiss steht klar auf
Gewinn, Stockfish +3,00 mit der Fortsetzung g5} 20. g5 {Tasc +0,99 sieht
klaren Vorteil} Bh3 {Genius hat noch keine Ahnung von der drohenden Gefahr, -0,
03 ??? / Stockfish -3,50} 21. Re1 $2 {deutlich schwächer als Tf2, Stockfish
+1,50 für Weiss mit der Fortsetzung Dg6} Qg6 22. Nd4 $2 {deutlich besser ist
Ld2 und Weiss hat nahezu den gesamten Vorteil verspielt, Stockfish +0,50 für
Weiss mit der Fortsetzung h6} h6 23. Nc6 Bd8 24. Bb4 $2 {der nächste grobe
Fehler, nun kippt die Partie gar in Richtung Schwarz, Stockfish +1,50 mit der
Fortsetzung hxg5, nötig war Kh1 und die Stellung ist etwa gleich.} hxg5 25. f5
Qxf5 26. Bxd6 e3 {deutlich besser ist Sg4, Stockfish nur noch +0,30 für
Schwarz mit der Fortsetzung Tf1.} 27. Bg3 $2 {der Tasc R 30 hat komplett die
Übersicht verloren in dieser komplizierten Stellung, Stockfish +3,80 für
Schwarz mit der Fortsetzung Se4.} Ne4 {Genius macht den richtigen Zug, sieht
aber keinen grossen Vorteil, nur +0,62} 28. Nd4 {Tasc -0,37 sieht auch keine
Gefahr.} Qf7 {besser ist noch Df6, Stockfish +3,00 für Schwarz.} 29. d6 Nd2
30. Bg4 Bxg4 31. Qxg4 Re8 32. Qe2 Bf6 33. Nb3 Bxb2 34. Rc7 Nf3+ {ein ganz
schlechter Zug, um ganze 4 Bauerneinheiten schlechter als Dd5, danach könnte
Weiss schon aufgeben, den Textzug bewertet Stockfish nur noch mit +1,20 für
Schwarz.} 35. Kh1 Qd5 36. Rd1 Nd4+ 37. Qg2 Qxg2+ 38. Kxg2 Ne6 39. Rc2 e2 {
Genius +0,46, besser ist Lf6, die Stellung nähert sich dem Ausgleich,
Stockfish nur noch +0,40 für Schwarz.} 40. Re1 {Tasc -0,08} Bf6 41. Kf3 Nf4
42. Bxf4 gxf4 {die Stellung ist im Lot, Stockfish 0,00 mit der Fortsetzung d7.}
43. Rexe2 $2 {leider wieder ein grober Fehler, Stockfish +1,50 für Schwarz
mit der Fortsetzung Txe2, der Genius hatte den Zug d7 erwartet, der zu einer
Remisstellung geführt hätte.} Rxe2 44. Rxe2 Rd8 45. Rd2 Be5 46. d7 Kf7 47. h4
{deutlich besser ist a4 (das bewertet Stockfish mit +1,00 für Schwarz),
Stockfish +2,60 für Schwarz mit der Fortsetzung Ke6} Bf6 {auch nach dieser
Fortsetzung steht Schwarz klar besser mit +2,00} 48. h5 Ke7 $2 {viel
schlechter als Ke6, gibt Weiss wieder Chancen, Stockfish nur noch +0,80 für
Schwarz mit der Fortsetzung Sd4.} 49. Nd4 $2 Rxd7 $2 {deutlich schlechter als
Lxd4, Stockfish nur noch +0,13 für Schwarz mit der Fortsetzung Sc6+} 50. Nf5+
$2 {der Tasc entscheidet sich für das falsche Schachgebot, Stockfish +1,50
für Schwarz.} Ke6 51. Rxd7 Kxd7 52. Kxf4 Ke6 53. Ke4 b5 54. Ne3 {Tasc -0,92,
an dieser Stelle ist die Partie bereits klar verloren für Weiss, Stockfish +4,
00 für Schwarz mit der Fortsetzung a5.} Bc3 {Genius +1,07, deutlich
schwächer als a5, sollte aber auch zum Sieg reichen, Stockfish +2,80 für
Schwarz.} 55. Nf5 b4 56. h6 gxh6 $2 {das ist ein absoluter Katastrophenzug,
der den gesamten Vorteil von +5,00 verschenkt, Stockfish nach nur einer
Sekunde 0,00, gewonnen hätte klarerweise g6. (der Tasc hätte den selben
Fehler gemacht).} 57. Nxh6 Kd6 58. Nf7+ Kc5 59. Nd8 $2 {gefährdet das Remis,
Stockfish +0,75 für Schwarz mit der Fortsetzung Lf6, nach Kd3 ist das Remis
klar für Weiss.} Bf6 60. Nb7+ Kc4 61. Na5+ Kb5 62. Nb3 Ka4 {besser wäre für
den König nach c3 zu streben, Stockfish nur noch +0,12 für Schwarz, die
Stellung ist wohl Remis.} 63. Kd5 Ka3 {Genius glaubt deutlich an einen Gewinn:
+2,04} 64. Kc4 {Tasc -0,98} Bc3 65. Nc1 a6 66. Nd3 Bd2 {Stockfish 0,00, die
Stellung ist Remis.} 67. Kc5 a5 68. Kb5 Kxa2 69. Kxa5 b3+ 70. Ka4 {
Userentscheid: Remis} 1/2-1/2

[Event "Millennium CG Exclusive - Tasc R30 V2.5"]
[Site "Wien"]
[Date "2021.08.23"]
[Round "91"]
[White "Millennium CG Exclusive"]
[Black "Tasc R30 V2.5, aktiv"]
[Result "0-1"]
[WhiteElo "2402"]
[BlackElo "2335"]
[PlyCount "142"]
[EventDate "2021.??.??"]

1. e4 e6 {Buchende} 2. Qe2 d5 {Buchbewertung Tasc +0,10} 3. exd5 {Buchende} Nf6
{Tasc opfert wieder früh einen Bauern, lt. Stockfish wäre Dxd5 besser.} 4.
dxe6 {Buchbewertung Genius +0,98 / lt. Stockfish steht Weiss etwas besser mit
ca. +0,50, dieser Zug überrascht den Tasc er hätte Sf3 erwartet und somit
eine Ablehnung des Bauernopfers.} Bxe6 5. Qb5+ $2 {das ist viel zu
Materialgierig, ein schlechter Zug lt. Stockfish, der bewertet die Fortsetzung
Sc6, Dxb7 mit +1,30 für Schwarz trotz 2 Minusbauern. Weiss wäre besser
beraten mittels Sf3 die Entwicklung fortzusetzen.} Nc6 {Tasc +0,21 (eine
starke und richtige Bewertung) !!!} 6. Qxb7 {Genius 0,00, erwartet hier die
Fortsetzung Sb4 und sieht ein Remis.} Nd4 {besser ist Sb4 und Schwarz ist im
Vorteil} 7. Bb5+ Bd7 $2 {ein fataler Fehler, den Stockfish augenblicklich mit
+2,50 für Weiss bewertet, nach Sd7 wäre Schwarz knapp im Vorteil.} 8. Bxd7+
Kxd7 {Tasc +0,13, glaubt hier noch immer an einen kleinen Vorteil.} 9. Kd1 {
Genius +1,23 sieht sich klar im Vorteil.} Qb8 {einen Damentausch anzubieten
mit 2 Minusbauern ist keine gute Idee, Stockfish +3,00 für Schwarz mit der
Fortsetzung Dxb8.} 10. Qa6 $2 {die Ablehnung des Damentausches ist
unverständlich aus der Sicht von Weiss.} Qb6 11. Qa4+ c6 12. Qc4 Re8 13. Qxf7+
{Weiss hat nun bereits 3 Mehrbauern.} Be7 {Tasc +0,49 schätzt sich besser ein
trotz 3 Minusbauern.} 14. Qc4 {Genius +1,93 / Stockfish +2,20 für Weiss.} Ne4
{Tasc -0,02 sieht die Stellung ausgeglichen, der Entwicklungsrückstand von
Weiss wirkt bedrohlich, aber anscheinend gibt diese Stellung nichts her für
Schwarz, Stockfish +2,50 für Weiss mit der Fortsetzung Sh3} 15. Nh3 {Genius
+2,03} Nd6 16. Qd3 Bf6 17. Nc3 Qa5 18. Nf4 Qe5 19. Qh3+ Kc7 20. Nd3 Qe7 21. Re1
Qf7 22. Rxe8 Rxe8 23. Qxh7 $2 {ein wahrer Megabock, der den Sieg trotz 4
Mehrbauern verschenkt, nach 23. De6 ist die Partie Remis ! Stockfish 0,00,
nach 23. b3 hätte Schwarz aufgeben können.} Qe7 $2 {echt schade für den
Tasc, der im letzten Moment den richtigen Zug De6 verwirft, Stockfish +1,00
für Weiss mit der Fortsetzung Dh3} 24. Qh3 g5 25. Qg4 {ein schlechter Zug,
der den Vorteil von +1,50 abgibt, Stockfish nur noch +0,30 für Weiss mit der
Fortsetzung Th8, nötig war g4.} Rh8 26. h3 {Genius unterliegt hier einer
groben Fehleinschätzung, +3,07 ? / Stockfish 0,00 mit der Fortsetzung Th4.}
Rh4 {Tasc -1,49} 27. Qg3 N4f5 $2 {gibt die Remisstellung aus der Hand, nötig
war g4, Stockfish +3,00 für Weiss mit der Fortsetzung Dh2} 28. Qh2 g4 29. Nf4
Be5 30. d3 Kd7 31. g3 $2 {ein Megabock, der den Sieg verschenkt, Stockfish 0,
00 mit der Fortsetzung Lxf4, nötig war Sce2 und Weiss gewinnt.} Bxf4 32. Bxf4
Rxh3 33. Qg2 Nd4 {Tasc spielt den richtigen Zug, die Stellung ist Remis,
erkennt es aber noch nicht, Bewertung -2,09} 34. Rb1 Nf3 35. Be3 $2 {und nun
verliert Weiss mit 4 Mehbauern noch diese Partie, dieser Katastrophenzug
verliert sofort, Stockfish +5,00 für Schwarz mit der Fortsetzung Dh7, nach
Df1 wäre die Partie Remis.} Qe5 {Riesenpech an dieser Stelle für den Tasc,
er bewertet den sofortigen Gewinnzug Dh7 lange Zeit als besten mit -1,43 sieht
er keinen Gewinn im letzten Augenblick bewertet er den Textzug um 0,03 besser
und schwenkt noch um, aber auch nach dieser Fortsetzung ist Schwarz noch klar
mit +2,20 im Vorteil lt. Stockfish.} 36. Qf1 {deutlich mehr Widerstand bot Ke2,
Stockfish +5,00 für Schwarz mit der Fortsetzung Sf5.} Nh2 37. Qh1 {viel
besser war hier Lf4, was Stockfish mit -1,50 für Weiss sieht, den Textzug
sieht er mit +5,30 für Schwarz.} Nf3 38. Qg2 Nf5 {Tasc erkennt den Vorteil +1,
23} 39. Ke2 {Weiss ist auf verlorenem Posten, Stockfish +6,50 für Schwarz mit
der Fortsetzung Sxe3.} Rh2 {auch diese Fortsetzung gewinnt natürlich leicht,
Stockfish +5,00 für Schwarz.} 40. Qxh2 N5d4+ 41. Kd1 Nxh2 {Der Genius hat
zwar noch Turm + 3 Bauern für die Dame, diese Stellung ist aber natürlich
hoffnungslos für Weiss, den Rest könnte man sich schon schenken, Stockfish
+4,80 für Schwarz.} 42. Ne4 Nhf3 43. Bxd4 Qxd4 44. b4 Qe5 45. c3 Ng5 46. Nxg5
Qxg5 47. Rb2 a5 48. bxa5 Qxa5 49. Rc2 Ke6 {natürlich muss Schwarz diese
Partie klar gewinnen, Stockfish +4,50, man könnte es hier bereits beenden,
will aber trotzdem noch sehen, wie der Tasc das zu Ende bringt, könnte mir
aber vorstellen, dass es noch zäh hergeht bis sich die Dame durchsetzt gegen
den Turm + 3 Bauern.} 50. Kc1 c5 51. Re2+ Kf5 52. Rc2 Qa8 53. d4 Qa3+ 54. Kd1
cxd4 55. cxd4 Qa4 56. d5 {der erste Bauer fällt, Stockfish +13,00 für
Schwarz sollte nur noch Formalität sein für ein Programm der Stärke eines
Tasc R 30 erwarte ich natürlich einen leichten Gewinn mit der Dame gegen den
Turm.} Ke4 57. Kc1 Kxd5 58. Re2 Qa3+ 59. Kb1 Kd4 60. Rd2+ Kc4 61. Re2 Qf3 62.
Re3 Qf5+ 63. Kc1 Qxf2 64. Ra3 {Stockfish Matt in 30 !} Qe2 65. Ra4+ Kc3 66.
Ra3+ Kd4 67. Kb1 Qd2 68. Rb3 Kc4 69. Ra3 Qb4+ 70. Rb3 Qxb3+ {souverän gelöst
vom Tasc.} 71. axb3+ Kxb3 0-1

[Event "Millennium CG Exclusive - Tasc R30 V2.5"]
[Site "Wien"]
[Date "2021.08.24"]
[Round "92"]
[White "Tasc R30 V2.5, aktiv"]
[Black "Millennium CG Exclusive"]
[Result "0-1"]
[WhiteElo "2335"]
[BlackElo "2402"]
[PlyCount "94"]
[EventDate "2021.??.??"]

1. e4 c5 2. Nf3 d6 3. Bb5+ Bd7 4. Bxd7+ Qxd7 5. c4 Nc6 6. d4 cxd4 7. Nxd4 g6 8.
Nc3 Bg7 9. Be3 Nf6 10. f3 O-O 11. O-O Rfc8 12. b3 {Buchende} Qd8 13. Qd2 {
Buchbewertung Tasc +0,50} Qa5 {Buchende} 14. Rad1 Ne5 {Buchbewertung Genius 0,
00 / lt. Stockfish steht Weiss besser mit ca. +0,70} 15. a4 Qb4 16. Qc2 a6 17.
Rd2 Rc7 18. Nde2 Rac8 19. g4 h6 20. h4 e6 21. g5 hxg5 22. hxg5 Ne8 23. Na2 Qa5
24. Kg2 b5 25. f4 Ng4 {die Stellung ist im Lot, Stockfish 0,00} 26. Bg1 bxa4 $2
{Genius +1,56, unterliegt hier einem Riesenirrtum, ein ganz schlechter Zug,
der die Partie verliert, Stockfish +3,80 für Weiss mit der Fortsetzung b4} 27.
b4 Qb5 28. c5 $2 {dieser Zug ist um 8 Bauerneinheiten !!! schlechter als cxb5 
(cxb5, Txc2, Txc2, Txc2, b6 und Schwarz kann aufgeben, der Textzug verkehrt
die Stellung genau ins Gegenteil, Stockfish +4,40 für Schwarz mit der
Fortsetzung dxc5. (der Genius hätte den selben Fehler gemacht).} dxc5 29. bxc5
Rxc5 $1 {Genius +1,78, Stockfish +4,30 für Schwarz.} 30. Bxc5 {Tasc -0,22
sieht noch keine Gefahr.} Ne3+ 31. Bxe3 Rxc2 32. Rxc2 Qd3 33. Rfc1 Qxe3 34. e5
{Tasc -0,56 / Stockfish -6,00} Nc7 {Genius +1,20} 35. Nac3 a3 36. Ra2 Bf8 37.
Rf1 Bb4 38. Rf3 Qc5 {Genius +2,40 / Stockfish +7,00} 39. Rd3 {Tasc -1,76} Qc4 {
Genius +3,48} 40. Rad2 {Tasc -3,11} Kg7 41. Kf2 Nd5 {Genius +4,89} 42. Rd4 {
Tasc -4,03} Bc5 {Genius +6,51} 43. Na2 {Tasc -5,20} Nxf4 44. Kf3 Bxd4 45. Nxd4
Nd3 46. Ke3 Nb2 47. Kf2 Qxa2 {Rest geschenkt.} 0-1

[Event "Millennium CG Exclusive - Tasc R30 V2.5"]
[Site "Wien"]
[Date "2021.08.25"]
[Round "93"]
[White "Millennium CG Exclusive"]
[Black "Tasc R30 V2.5, aktiv"]
[Result "1-0"]
[WhiteElo "2402"]
[BlackElo "2335"]
[PlyCount "139"]
[EventDate "2021.??.??"]

1. e4 e5 2. d4 exd4 3. Nf3 Nc6 4. Bc4 Nf6 5. O-O Nxe4 6. Re1 d5 7. Bxd5 Qxd5 8.
Nc3 Qh5 9. Nxe4 Be6 10. Bg5 Bd6 {Buchende} 11. c4 {Buchende} O-O {
Buchbewertung Tasc -0,03} 12. c5 {Buchbewertung Genius -0,37 / lt. Stockfish
ist die Stellung etwa gleich.} Be5 13. Nxe5 Qxd1 14. Raxd1 Nxe5 15. Rxd4 Nc6
16. Ra4 Rfe8 17. f3 Bf5 18. Kf2 Bg6 19. Bf4 Rac8 20. Re2 Red8 21. Re3 Rd1 22.
Rb3 b6 23. cxb6 axb6 24. Rc3 f5 25. Ng5 Be8 26. Rac4 Rb1 27. Rxc6 Bxc6 28. Rxc6
Rxb2+ 29. Kg3 Rxa2 30. Ne6 b5 31. Nd4 b4 32. Rc5 Rb8 33. Rxc7 g6 $2 {Tasc -0,
53, ein grober Fehler, der die Partie sofort verliert, Stockfish +4,00 für
Weiss mit der Fortsetzung Sc6, nötig war 33. Tb6 und die Stellung ist im Lot.}
34. Nc6 {Genius +1,34} Rb5 35. Ne7+ Kf7 36. Nxf5+ Kf6 37. Nd6 Rb6 38. Rxh7 b3
39. Ne4+ $2 {diesen logisch aussehende Zug hätten wahrscheinlich sehr viele
Programme gespielt, er ist aber in Wahrheit um 4 Bauerneinheiten !! schlechter
als Se8+, Stockfish +1,00 für Weiss mit der Fortsetzung Ke6.} Ke6 40. Rg7 Rb5
$1 {die beste Fortsetzung, Stockfish +1,00 für Weiss mit der Fortsetzung Sg5+}
41. Rxg6+ Kf7 {Stockfish nur noch +0,70 für Weiss.} 42. Rg5 {leichten Vorteil
versprach noch Tf6+, nun ist die Stellung Remis, Stockfish 0,00 mit der
Fortsetzung Txg5} Rxg5+ 43. Nxg5+ Kg6 44. Ne4 b2 45. Nd2 Ra5 46. h4 Ra1 $2 {
der Tasc wirft leider das Remis wieder hin, Stockfish +4,30 für Weiss mit der
Fortsetzung Le5, der Genius bekommt damit den letzten Bauern für eine Figur
und hat mit 3 geschlossenen Freibauern und einer Leichtfigur ein gewonnenes
Endspiel gegen den Turm, nötig war Kf5 und die Stellung ist Remis.} 47. Be5
Rd1 48. Bxb2 Rxd2 {Tasc -0,97 ist hier viel zu optimistisch / Stockfish -5,00}
49. Bc1 {Genius +2,90 ist schon siegessicher.} Rc2 50. Bg5 Rc4 51. Kh3 Rc3 52.
Kg4 Rc2 53. g3 Kg7 54. h5 Rb2 55. f4 Kf7 56. h6 Rg2 57. f5 Rc2 58. Kh5 Rh2+ 59.
Bh4 Rd2 60. g4 Rd5 61. Be1 Rd1 62. Bg3 Rd5 63. Bf4 Rb5 64. Bg5 Rd5 65. f6 Kg8 {
[%emt 0:00:15] Stockfish Matt in} 66. Kg6 Rd7 67. Bf4 Rg7+ 68. Kf5 Rb7 69. g5
Rb5+ 70. Be5 {Rest geschenkt} 1-0

[Event "Millennium CG Exclusive - Tasc R30 V2.5"]
[Site "Wien"]
[Date "2021.08.27"]
[Round "94"]
[White "Tasc R30 V2.5, aktiv"]
[Black "Millennium CG Exclusive"]
[Result "0-1"]
[WhiteElo "2335"]
[BlackElo "2402"]
[PlyCount "98"]
[EventDate "2021.??.??"]

1. Nf3 e6 2. d4 {Buchende} c5 3. e4 cxd4 4. Nxd4 {Tasc wieder im Buch} Nf6 5.
Nc3 Nc6 6. a3 {Buchende} d6 {Buchende} 7. Nxc6 {Buchbewertung Tasc 0,54} bxc6 {
Buchbewertung Genius 0,00 (ebenso Stockfish)} 8. Be3 d5 9. Be2 Be7 10. O-O Nxe4
11. Nxe4 dxe4 12. Qxd8+ Bxd8 13. f3 exf3 14. Bxf3 Bb7 15. c4 Bb6 16. c5 Bc7 17.
Rad1 a5 18. Bh5 g6 19. Bf3 f6 {die Stellung ist im Lot, Stockfish 0,00} 20. Bg4
f5 21. Be2 e5 22. Bg5 {besser ist Lh6, Stockfish +1,00 für Schwarz mit der
Fortsetzung La6} Ba6 23. Bxa6 Rxa6 24. Bf6 {deutlich besser ist Tf2, Stockfish
+2,00 für Schwarz mit der Fortsetzung 0-0.} O-O {Genius +0,98} 25. Be7 {
Tasc -0,51} Rf7 26. Bd6 Ra7 27. Rfe1 e4 28. Kf2 Rb7 29. Bxc7 Rxb2+ {Genius +1,
73 / Stockfish +5,50, ein Turmendspiel mit 2 Mehrbauern für den Genius, das
könnte man sich schon schenken, man weiss wie es ausgeht.} 30. Re2 Rxe2+ 31.
Kxe2 Rxc7 32. Rb1 Kf7 33. Rb6 Ke6 34. Ra6 Kd5 35. Rxa5 Rb7 36. a4 Kd4 37. Ra6
Kxc5 38. a5 f4 39. Ra8 Rb2+ 40. Kf1 Ra2 41. a6 Kd4 42. h4 Ke3 43. Kg1 Ra1+ 44.
Kh2 Kf2 45. Rf8 f3 46. Rf7 Rxa6 47. Rxh7 {[%emt 0:00:19] Stockfish Matt in} Ra5
{der richtige Zug, aber Genius sieht natürlich nicht das Matt.} 48. Rf7 Rf5
49. Rb7 e3 {Rest geschenkt} 0-1